Online Catalogue and eLibrary

Promoting three basic freedoms : (Record no. 522)

MARC details
000 -LEADER
fixed length control field 00712cam a2200205 a 4500
001 - CONTROL NUMBER
control field 12253848
005 - DATE AND TIME OF LATEST TRANSACTION
control field 20240229061453.0
008 - FIXED-LENGTH DATA ELEMENTS--GENERAL INFORMATION
fixed length control field 000817s1999 th b i000 0 eng
020 ## - INTERNATIONAL STANDARD BOOK NUMBER
ISBN 9747215012
040 ## - CATALOGING SOURCE (பட்டியலாக்க மூலம்)
Original cataloging agency DLC
Transcribing agency DLC
Modifying agency DLC
082 00 - DDC Classification
Class No. 322
DDC Edition Number 21
Item Number - Author Mark PRO.
100 ## - MAIN ENTRY--PERSONAL NAME
Personal name Samaraweera.
245 00 - TITLE STATEMENT
Title Promoting three basic freedoms :
Remainder of title towards greater freedom of association, assembly and expression in Asia : a region wide report on the democratic space for NGOs in Asia /
Statement of responsibility, etc. edited by Elizabeth Nissan.
260 ## - PUBLICATION, DISTRIBUTION, ETC.
Place of publication, distribution, etc. Bangkok, Thailand :
Name of publisher, distributor, etc. Three Freedoms Project,
Date of publication, distribution, etc. 1997.
300 ## - PHYSICAL DESCRIPTION
Extent (e.g. Volumes, Pages etc.) 40 p.,
650 #0 - SUBJECT ADDED ENTRY--TOPICAL TERM
Topical term or geographic name entry element Civil rights
650 #0 - SUBJECT ADDED ENTRY--TOPICAL TERM
Topical term or geographic name entry element Non-governmental organizations
700 1# - ADDED ENTRY--PERSONAL NAME
Personal name Nissan, Elizabeth.
Relator term (Role) Editor
942 ## - Koha item type (Biblio)
Koha item type Books in Stacks (Lending)
Holdings
Lost status Damaged status Collection code Home library Current library Date acquired Full call number Accession Number Item type
    Lending WERC Library WERC Library 02/29/2024 322 PRO. 2757 Books in Stacks (Lending)

© WERC Library